000 01218nac a22003737a 4500
001 BR0204308
003 BR-BrBNA
005 20240105122707.0
008 230509b bl.|||m| |||| 00| 0 por d
040 _aBR-BrBNA
_bpor
_cBiblioteca Nacional de Agricultura
072 _aF30
090 _a0150 BR0204308
100 1 _aBurle, M.L.
100 1 _aFonseca, J.R.
100 1 _aAlves, R. de B. das N.
100 1 _aCordeiro, C.M.T.
100 1 _aFreire, M.S.
100 1 _aMelo, L.A.M.P. de
100 1 _aRangel, P.H.N.
100 1 _aSilva, H.T. da
110 1 _aEMBRAPA Recursos Genéticos e Biotecnologia, Brasilia, DF (Brasil)
245 1 _aCaracterização de germoplasma de arroz de acordo com o ambiente de origem: mapeamento em SIG
260 3 _aBrasilia, DF (Brasil):
_c2001.
300 _a51 p.
490 _aDocumentos - EMBRAPA Recursos Genéticos e Biotecnologia (Brazil)
_vno. 63
_xISSN 0102-0110
500 _aSummaries (En, Pt); Bibliography p. 46-51; 14 illus.
650 _aARROZ
650 _aGERMOPLASMA
650 _aCONDIÇÃO AMBIENTAL
650 _aMAPA
650 _aINTERAÇÃO GENÉTICA
909 _a202312
_bLúcia Elande
_c55
_dLúcia Elande
942 _2AGRIS
_n0
_cMS
999 _c292358
_d292358